000 00692cab a2200241 4500
001 ABS41989
008 090401t1990 xxu||||| |||| 00| 0 eng d
035 _a(Sirsi) u33884
041 _aeng
100 _aMunro, B.
245 3 _aAn environmental assessment of the residential areas of Harrow
260 _c1990
350 _a0
490 _aPlanner
_v76(1) 12 January 1990, 15-18(4)
520 _aSurvey of Harrow`s residential areas, outlining the present situation and proposes policy for future development .
650 _aBACK GARDENS
650 _aHOUSING
650 _aWOOTTON JEFFREYS
690 _aHOUSING
700 _aLane, R.
942 _n0
948 _c04/03/1997
999 _c22534
_d22534